San José : en la vida de Cristo y de lal Iglesia /

Đã lưu trong:
Chi tiết về thư mục
Tác giả chính: Meschler, Moritz (autor)
Tác giả khác: Schraudolph, Juan (pintor) (pintor)
Định dạng: Sách
Ngôn ngữ:Tiếng Tây Ban Nha
Được phát hành: Friburgo, Alemania : Herder, 1921, c1911
Phiên bản:2a edición
Những chủ đề:
Các nhãn: Thêm thẻ
Không có thẻ, Là người đầu tiên thẻ bản ghi này!

MARC

LEADER 00000nam^a2200000^a^4500
001 000454593
005 20250526000000.0
009 20260310123932.816
037 |a Acervo Xavier Clavigero 
041 |a ESP 
082 |a 232. 932  |b MES 
100 |a Meschler, Moritz  |e (autor) 
245 1 0 |a San José :  |b en la vida de Cristo y de lal Iglesia /  |c M. Meschler ; pintor J. Schraudolph ; tr. por Jerónimo Rojas. 
250 |a 2a edición 
264 4 |a Friburgo, Alemania :  |b Herder,  |c 1921, c1911 
300 |a XIV, 148 p., [8 láminas] ;  |c 19.0 cm. 
336 |a texto  |b txt  |2 rdacontenido 
337 |a sin mediación  |b n  |2 rdamedio 
338 |a volumen  |b nc  |2 rdasoporte 
561 |a Ex libris de Bibl. Iunioratus Dom. Prob. S. Ioseph 
561 |a Ex libris de Bibl. Juior Coadj. Puente Grande 
561 |a Ex libris de Instituto de Literatura Puente Grande, Jal. 
649 |a XX 
650 |a Santos 
650 |a José,  |c Santo -  |x Tema Principal 
650 |a Jesucristo -  |x Biografías 
650 |a Dios -  |x Culto y Amor 
650 |a Biblia -  |x Historia y Crítica 
650 |a Espiritualidad 
650 |a Teología Espiritual 
650 |a Catolicismo 
650 |a Cristianismo 
650 |a Religión 
700 |a Schraudolph, Juan  |e (pintor) 
910 |a Fondo General 
920 |a Impresos - Libros 
930 |a Libros Antiguos y Raros 
905 |a 108 
901 |a 003521  |b IT2  |c LRA  |i 03521  |u 20250526 
902 |a https://opac.biblio.iteso.mx/vufind/Record/000454593